000 00626nam a2200181 a 4500
001 000035718
005 20200930074545.0
008 111109s1965 ag 000 0 spa d
040 _aDO-SdBNP
_bspa
_cBNPHU
082 _axxxx
_bM564a
100 1 _aMerleau-Ponty, Maurice
_961650
245 1 4 _aLas aventuras de la dialéctica /
_cMaurice Merleau-Ponty.
260 _aBuenos Aires :
_bEdiciones Leviatán,
_c1965.
300 _a259 p. ;
_c20 cm.
504 _aIncluye referencia bibliográficas y notas al pie de las páginas.
590 _aPerteneció a la biblioteca personal de Juan Isidro Jimenes Grullón
049 _aBNGR
999 _c35209
_d35209